• 首页
  • 本馆介绍
  • 公告通知
  • 最新文献
  • 馆藏检索
  • 电子资源
  • 读者导购
  • 参考咨询
  • 我的图书馆
  • 登录
  • 详细信息显示
  • 放入我的书架
  • 预约/预借图书
  • 作者相关作品
  • 分类相关作品
  • 丛书相关作品
  • 出版社相关作品

书目信息

  • 表格格式
  • 工作单格式
  • 卡片格式
题名:
国际单位制及其应用
    
 
作者: 杜荷聪 , 陈维新 编
分册:  
出版信息: 北京   计量出版社  1983.5
页数: 73页
开本: 20cm
丛书名: 量和单位丛书
单 册:
中图分类: TB91
科图分类:
主题词: 计量单位 , 单位制
电子资源:
ISBN:
000 00633nam2 2200241 45
001 0312221749
005 20041223103928.1
010    @dCNY0.36
091    @a15210.272
100    @a20031222d1983 km y0chiy0120 ea
101    @achi
105    @a z 000yy
200 1  @a国际单位制及其应用@AGuo Ji Dan Wei Zhi Ji Qi Ying Yong@f杜荷聪, 陈维新编@FDu He Cong,Chen Wei Xin Bian
210    @a北京@c计量出版社@d1983.5
215    @a73页@d20cm
225 2  @a量和单位丛书
606 0  @a计量单位
606 0  @a单位制
690    @aTB91@v3
701 0  @a杜荷聪@4编
701 0  @a陈维新@4编
801    @aCN@bTSTCL@c20031222
905    @dTB91@e4
    
    国际单位制及其应用/杜荷聪, 陈维新编.-北京:计量出版社,1983.5
    73页;20cm.-(量和单位丛书)
    
    
    ISBN :CNY0.36
    
●
相关链接 在E读中查询图书 在五车中查询图书 在当当中查询图书 在豆瓣中查询图书


正题名:国际单位制及其应用     索取号:TB91/4         预约/预借

序号 登录号 条形码 馆藏地/架位号 状态 备注
1 0160354   001361706   第三借阅区/ [索取号:TB91/4] 在馆    
2 0160355   001361742   密集书库/ [索取号:TB91/4] 在馆    
3 0160356   001361662   第二样本阅览室/ [索取号:TB91/4] 在馆    
唐山师范学院图书馆 欢迎您!
大连网信软件有限公司© 版权所有